Oxford children's pocket book of facts
| Format: | Book |
|---|---|
| Published: |
Oxford :
Oxford University Press ,
1993
|
| Subjects: |
MARC
| LEADER | 00000cam a2200000 7i4500 | ||
|---|---|---|---|
| 001 | 0000003107 | ||
| 002 | 000003361 | ||
| 005 | 20000330.0 | ||
| 020 | |a 0199100667 | ||
| 090 | 0 | 0 | |a 030 |b OXF |
| 245 | 0 | 0 | |a Oxford children's pocket book of facts |
| 260 | |a Oxford : |b Oxford University Press , |c 1993 | ||
| 300 | |a 191 p. : |b ill ; |c 21 cm. | ||
| 650 | 0 | 0 | |a Dictionaries and encyclopedias |
| 999 | |a 036670 |b BUKU |c PINJAMAN |e PERPUSTAKAAN KOMUNITI PETALING JAYA | ||